000 00309nam a2200121Ia 4500
008 190216s9999||||xx |||||||||||||| ||und||
100 _aSatya Saranchatterjee
245 0 _aPrinciples &practice Of Management
260 _bNew Central Book Agencies
_c1983
300 _a301p
650 _aCommerce
942 _cBK
999 _c5290
_d5290